[Event "HCL-B232"]
[Site "www.playchess.de"]
[Date "2001.03.24"]
[Round "1"]
[White "player27"]
[Black "Yogibear"]
[WhiteElo "1432"]
[BlackElo "1853"]
[PlyCount "52"]
[Result "1/2-1/2"]

1.e4 {ups- wieder ein alter Bekannter, viel Spass 
Jürgen}  Nf6 {bin eben süchtig nach unseren 
Spielen, dir auch viel Spass, Andy}  2.Nc3 {du 
sagst es *ächz* wenn nur die (11) freechess-Spiele 
nicht wären ; )}  d5 {na es geht doch hier, mal 
sehen wie lange, viel Glück und Gruß Jürgen}  
3.exd5 {ächz, wenn nur die Spiele bei Schachspiel 
nicht wären *g* Guten Morgen!}  Nxd5 {..und die 
Spiele von schachspiel.de}  4.Bc4 {bis später}  c6 
5.Qf3 {der Chat spinnt immer noch-siehe 
Schachspiel}  Nf6 6.Nge2 Bg4 7.Qg3 e6 8.d3 {hier 
gibt es auch Wahnsinnige (s. Forum)}  Bd6 {da muss 
einem Essen vom Chinesen nicht bekommen zu sein!}  
9.Bf4 {ist mir aber zuviel Englisch ; ) ich bemüh 
mich nicht weiter durchzulesen}  Bxf4 {geht mir 
genauso,so-letzter Zug für heute morgen,schönen 
guten Morgen und gute Nacht-bis später!}  10.Nxf4 
{N8!}  O-O 11.h3 {interessant wär noch mein Zug 
9.Dh4, aber leider keine Zeit für Analyse}  Bf5 
{dein jetziger Zug ist besser, bei Dh4 folgt Dd6 
mit etwas besserer Stellung für mich! gruß Jürgen} 
 12.O-O {puuh, noch Zeit zwischendurch für 
Analysen?- bin froh, wenn ich einigerm. 
unbeschadet rauskomme hier}  b5 {war auch nur 
oberflächlich betrachtet,spiele eigentl. auch nur 
nach Gefühl. Morning Andy}  13.Bb3 {nun ist es 
wieder da, das alte Feeling-du ziehst und ziehst 
und ziehst ; )}  Nbd7 {da hilft nur eins-Partien 
so schnell wie möglich abbauen! Die Nacht war 
wieder viel zu kurz!}  14.Rfe1 {schwierig : )}  a5 
15.a3 e5 16.Qg5 {sehr offensiv!}  b4 {wer soll da 
noch den Überblick behalten?!}  17.axb4 {bis auf 
einige wenige Partien geht*s noch}  g6 18.g4 {auf 
ein neues Verderben ; )}  axb4 {mit Vorteil für 
Weiss!!}  19.Na2 {sag das in 10 Zügen nochmal *g*} 
 Nc5 20.Bc4 Nd5 21.Qxd8 {sag das in 9 Zügen 
nochmal *g*}  Rfxd8 {wird sich glaub ich auc in 9 
Zuügen nicht ändern.Hab diesmal ein ungutes 
Gefühl. Schöne Woche!Jürgen}  22.gxf5 Nxf4 23.Nxb4 
Rxa1 {bin fürchterlich gegen ionewolf 
eingegangen!}  24.Rxa1 {.}  Rd6 {.}  25.fxg6 { )}  
Rxg6+ 26.Kf1 Nxh3 1/2-1/2

[Event "HCL-B232"]
[Site "www.playchess.de"]
[Date "2001.03.24"]
[Round "3"]
[White "Yogibear"]
[Black "queiroz"]
[WhiteElo "1853"]
[BlackElo "1500"]
[PlyCount "21"]
[Result "1-0"]

1.d3 {hello-good luck and much fun!}  d5 2.g3 e5 
{Hi. good luck too!}  3.Bg2 c5 4.e4 dxe4 5.Bxe4 
Nf6 6.Bg2 Bg4 7.Nf3 e4 8.dxe4 Nxe4 9.Qxd8+ Kxd8 
10.Ne5 f5 11.Nf7+ 1-0

[Event "ACL-A125"]
[Site "www.playchess.de"]
[Date "2001.03.24"]
[Round "24"]
[White "Yogibear"]
[Black "ulibear"]
[WhiteElo "1813"]
[BlackElo "1301"]
[PlyCount "57"]
[Result "1-0"]

1.d3 {Hallo-viel Spass und eine schöne Partie!!}  
d5 {ja, eine bärige Partie, scheint's}  2.g3 
{hoffentlich mit Bärenspaß! gruß}  Nf6 3.Bg2 e5 
4.Nf3 Bd6 5.O-O O-O 6.Nc3 a6 7.Bg5 c6 {kniffliger 
als so früh erwartet}  8.d4 e4 {du zwingst mich zu 
meinem Glück auf e4}  9.Ne5 {sieht auf den ersten 
Blick sehr gut für Schwarz aus!}  h6 {gleich Lg5 
befragen}  10.Bf4 {ja ja, das kommt davon, wenn 
man zu passiv eröffnet!}  Bf5 11.f3 exf3 12.exf3 
g5 13.Be3 Nbd7 14.f4 g4 {so passiv sehe ich es 
nicht, eher tricky}  15.Na4 {ja,steckt ne menge 
Potential in der Stellung!}  h5 16.c4 Be4 {leistet 
auf f5 nix, muß sich opfern...}  17.Bxe4 {den nehm 
ich gern, mein Läufer war eh eingemauert!}  Nxe4 
{machte aber noch Druck auf d5 - b7, um mich zu 
sorgen}  18.Nxd7 {ich glaub, jetzt komm ich in 
Vorteil!!}  Qxd7 {muß Du mir zeigen}  19.Nb6 Qc7 
{schöne Gabel}  20.Nxa8 {jetzt bin ich mit dem 
Spiel zufrieden!}  Rxa8 {ma fühlt sich doch blöd, 
das nicht zu sehen}  21.cxd5 {sowas kommt einfach 
mal vor!}  cxd5 22.Qb3 Nf6 {man lernt stets hinzu, 
meist aus eigenen Schnitzern}  23.Rac1 Qd7 {mal 
sehen, wie Du den Vorteil verwertest}  24.Rc2 
{wird bestimmt noch ein hartes Stück Arbeit!}  Kg7 
25.f5 Qe8 {habe auch was gegen Geschenke unter 
Männern :)    ekommen}  26.Bg5 Qb5 27.Bxf6+ Kxf6 
28.Qe3 Qd7 29.Qh6+ 1-0

[Event "HCL-C235"]
[Site "www.playchess.de"]
[Date "2001.03.24"]
[Round "6"]
[White "guigao"]
[Black "Stephen21"]
[WhiteElo "1360"]
[BlackElo "1180"]
[PlyCount "33"]
[Result "1-0"]

1.e4 e5 2.Nf3 Nc6 3.Bb5 Nf6 4.d3 a6 5.Ba4 b5 6.Bb3 
Bc5 7.Bg5 d6 8.Nc3 O-O 9.Nd5 Qe8 10.Bxf6 Qe6 
11.Ne7+ Qxe7 12.Bxe7 Nxe7 13.Qd2 Bg4 14.Nh4 a5 
15.Qg5 Bd7 16.Qxe7 Rad8 17.Bxf7+ 1-0

[Event "ACL-A129"]
[Site "www.playchess.de"]
[Date "2001.03.24"]
[Round "2"]
[White "Stephen21"]
[Black "trebli"]
[WhiteElo "1355"]
[BlackElo "1500"]
[PlyCount "31"]
[Result "1-0"]

1.e4 e5 2.d4 f6 3.d5 c6 4.c4 Bb4+ 5.Bd2 Qe7 6.a3 
Bc5 7.b4 Bd4 8.Bc3 Nh6 9.c5 Ng4 10.Qxg4 h5 11.Qg6+ 
Qf7 12.Qg3 h4 13.Qg4 Na6 14.d6 Qh5 15.Qxg7 Qh6 
16.Qe7+ 1-0

[Event "HCL-A100"]
[Site "www.playchess.de"]
[Date "2001.03.24"]
[Round "10"]
[White "henk"]
[Black "Gorodish"]
[WhiteElo "1915"]
[BlackElo "1790"]
[PlyCount "37"]
[Result "1-0"]

1.e4 e6 2.d4 d5 3.e5 c5 4.c3 cxd4 5.cxd4 Bb4+ 
6.Nc3 Ne7 7.Nf3 Qa5 8.Bd2 Nbc6 9.a3 Bxc3 10.Bxc3 
Qd8 11.Bd3 Bd7 12.O-O Rc8 13.Re1 Na5 14.Ng5 Ng6 
15.Qh5 Kf8 16.Re3 Kg8 17.Rh3 Be8 18.Nxh7 Nf4 
19.Nf6+ 1-0

[Event "HCL-C234"]
[Site "www.playchess.de"]
[Date "2001.03.24"]
[Round "20"]
[White "fossa"]
[Black "olaf"]
[WhiteElo "836"]
[BlackElo "1446"]
[PlyCount "28"]
[Result "0-1"]

1.e3 d5 2.c4 Nf6 3.Nc3 dxc4 4.Bxc4 e5 5.Qb3 Qd7 
6.Nf3 Bd6 7.Ng5 O-O 8.Qc2 Qg4 9.Nge4 Qxg2 10.Nxf6+ 
gxf6 11.Ne4 Qxh1+ 12.Ke2 Bg4+ 13.f3 Bxf3+ 14.Kd3 
Bxe4+ 0-1

[Event "HCL-A108"]
[Site "www.playchess.de"]
[Date "2001.03.24"]
[Round "9"]
[White "One_i"]
[Black "countdown"]
[WhiteElo "1657"]
[BlackElo "1700"]
[PlyCount "60"]
[Result "0-1"]

1.d4 {Good luck to you from Canada}  d5 2.Nf3 Nf6 
3.Bf4 c6 4.e3 Bf5 5.c3 Nbd7 6.Bd3 Bxd3 7.Qxd3 e6 
8.Nbd2 Be7 9.O-O O-O 10.Ne5 Nh5 11.Ndf3 Nxf4 
12.Qc2 Ng6 13.Rfe1 Bf6 14.Nxg6 hxg6 15.h3 e5 
16.Kh2 exd4 17.cxd4 Be7 18.Reh1 Bd6+ 19.Kg1 Qe7 
20.h4 Nf6 21.a3 Qe4 22.Qe2 Qg4 23.b4 a6 24.Qb2 
Rfe8 25.Ne5 Qe4 26.Rh3 Bxe5 27.dxe5 Qxe5 28.Qa2 
Rad8 29.Rg3 Qe6 30.Qd2 Ne4 0-1

[Event "HCL-C244"]
[Site "www.playchess.de"]
[Date "2001.03.24"]
[Round "8"]
[White "WOLFGANG"]
[Black "xantia3"]
[WhiteElo "1000"]
[BlackElo "1691"]
[PlyCount "30"]
[Result "0-1"]

1.e4 Nc6 2.d4 d5 3.Nc3 dxe4 4.d5 Nb8 5.Bc4 Nf6 
6.Qe2 Bg4 7.Qe3 c6 8.Qd4 b5 9.Bb3 cxd5 10.Nxd5 Nc6 
11.Nxf6+ gxf6 12.Qxd8+ Rxd8 13.f3 exf3 14.Nxf3 
Bxf3 15.gxf3 Nd4 0-1

[Event "ACL-A131"]
[Site "www.playchess.de"]
[Date "2001.03.24"]
[Round "7"]
[White "dendral"]
[Black "Venezuela"]
[WhiteElo "1500"]
[BlackElo "795"]
[PlyCount "25"]
[Result "1-0"]

1.d4 {Hello from Scotland}  d5 {Hello from 
Florida, good luck!}  2.c4 {I'm a 27 year old male 
working as a software engineer}  dxc4 {I am a 21 
year old, studing Industrial engineering}  3.Nf3 
Nc6 4.d5 Nb4 5.Qa4+ Qd7 6.Qxb4 Qxd5 7.Nc3 Qc6 
8.Ne5 Qf6 9.Qa5 b6 10.Qa4+ c6 11.Bf4 Qxf4 12.Qxc6+ 
Bd7 13.Qxd7+ 1-0

[Event "HCL-A104"]
[Site "www.playchess.de"]
[Date "2001.03.24"]
[Round "4"]
[White "RB"]
[Black "azali"]
[WhiteElo "1700"]
[BlackElo "1700"]
[PlyCount "25"]
[Result "1-0"]

1.e4 c5 2.Nf3 Nc6 3.d4 cxd4 4.Nxd4 d6 5.Nc3 Nf6 
6.Bg5 e6 7.Qd2 a6 8.O-O-O Be7 9.f4 b5 10.Nxc6 Qc7 
11.Nxe7 Qxe7 12.Bxf6 Qxf6 13.Qxd6 1-0

[Event "HCL-A104"]
[Site "www.playchess.de"]
[Date "2001.03.24"]
[Round "6"]
[White "Gavroktone"]
[Black "azali"]
[WhiteElo "1700"]
[BlackElo "1700"]
[PlyCount "23"]
[Result "1-0"]

1.e4 e5 2.Nf3 Nc6 3.Bc4 Nf6 4.Nc3 Bc5 5.d3 O-O 
6.O-O d6 7.h3 h6 8.Re1 Ne7 9.Be3 Bxe3 10.fxe3 Ng6 
11.d4 c6 12.a3 1-0

[Event "HCL-B246"]
[Site "www.playchess.de"]
[Date "2001.03.24"]
[Round "10"]
[White "Mother_Teresa"]
[Black "Ciociosan"]
[WhiteElo "1189"]
[BlackElo "1841"]
[PlyCount "34"]
[Result "0-1"]

1.e4 c5 2.Nf3 d6 3.Bc4 Nf6 4.Nc3 a6 5.O-O b5 6.Be2 
b4 7.e5 dxe5 8.Na4 Qc7 9.b3 e6 10.c3 Bd6 11.h3 O-O 
12.c4 Bb7 13.g3 Nc6 14.d3 Nd4 15.Nxd4 exd4 16.Bg5 
Bxg3 17.Bxf6 Bh2+ 0-1

[Event "HCL-C239"]
[Site "www.playchess.de"]
[Date "2001.03.24"]
[Round "20"]
[White "Coney"]
[Black "Trickster"]
[WhiteElo "1109"]
[BlackElo "904"]
[PlyCount "25"]
[Result "1-0"]

1.d4 {Hello Trickster !!}  d5 {Hi Andrew.  Fixed 
the modem so GAME ON!!}  2.c4 {Well done !!}  Be6 
3.Qb3 Bf5 4.Qxb7 Nd7 {SWINE !!}  5.cxd5 a5 6.Bf4 
Rc8 7.e3 Nb6 8.Bb5+ Bd7 9.Bxd7+ {I hope you have 
the tape in the drive today !!}  Nxd7 {I did, but, 
with the first backup, I forgot to answer the 
first message DOH!!!!}  10.Qc6 Ngf6 {Have a look 
at my game against Guerino.  I think I have him 
checkmate in one move (Queen forward)}  11.Nd2 
{Yes, He has to play Bf6, and you will take with 
your pawn !!}  g6 12.Rc1 Rb8 {Guerino moved his 
Queen forward 2 to escape, but i have forked his 
rook and queen}  13.Bxc7 1-0

[Event "ACL-A127"]
[Site "www.playchess.de"]
[Date "2001.03.24"]
[Round "13"]
[White "Zynaps"]
[Black "MP"]
[WhiteElo "1500"]
[BlackElo "943"]
[PlyCount "29"]
[Result "1-0"]

1.e4 e6 2.d4 d5 3.Nd2 dxe4 4.Nxe4 Nf6 5.Nxf6+ Qxf6 
6.Nf3 Nc6 7.Bg5 Qf5 8.c3 Be7 9.Bd3 Qd5 10.Bxe7 
Nxe7 11.O-O Bd7 12.Ne5 O-O-O 13.Nxf7 e5 14.Nxh8 
Rxh8 15.Re1 1-0

[Event "HCL-B244"]
[Site "www.playchess.de"]
[Date "2001.03.24"]
[Round "20"]
[White "dakini"]
[Black "Bill"]
[WhiteElo "1157"]
[BlackElo "1304"]
[PlyCount "70"]
[Result "0-1"]

1.e4 c5 2.Nf3 d6 3.Bc4 Nf6 4.d3 Nc6 5.Nc3 Bg4 
6.O-O Nd4 7.e5 Bxf3 8.gxf3 {forgotten to take your 
horse ...  grrrhhhhh!!!!! :-))}  dxe5 {Hang in 
there, I usually make those mistakes.  You'll get 
reciprocated.}  9.Ne4 b5 10.Bxf7+ {all or nothng 
now! seems to become a fast game! :-))}  Kxf7 
{Damn the torpedos, full speed ahead!}  11.c3 Ne6 
12.Qb3 Nxe4 13.dxe4 a6 14.Be3 c4 15.Qc2 Nf4 
16.Bxf4 exf4 17.Rfd1 Qc7 18.e5 Qxe5 19.Rde1 Qg5+ 
20.Kf1 Rd8 21.Rad1 Rxd1 22.Rxd1 Qg6 23.Qd2 Qf5 
24.Qd8 Qh3+ 25.Ke2 Qxh2 26.Qd5+ e6 27.Qd7+ Be7 
28.Qc7 Re8 29.Rd4 e5 30.Re4 Qh5 31.Kd2 Rd8+ 32.Ke2 
Rd3 33.Rxe5 Qxf3+ 34.Kf1 Qh1+ 35.Ke2 f3+ {Thank 
you for a good game.}  0-1

[Event "ACL-E007"]
[Site "www.playchess.de"]
[Date "2001.03.24"]
[Round "19"]
[White "iq160"]
[Black "dakini"]
[WhiteElo "1654"]
[BlackElo "1633"]
[PlyCount "41"]
[Result "1/2-1/2"]

1.g3 d5 2.Bg2 e5 {Diese Barczac(?) Eröffnung habe 
ich früher auch gerne gespielt!}  3.d3 Bc5 4.Nf3 
Nc6 5.O-O e4 6.dxe4 {willst die damen vom Brett 
haben, was?}  dxe4 {Das liegt jetzt ganz bei Dir!} 
 7.Qxd8+ {dann würde ich die d-linie aufgeben}  
Nxd8 {Bis jetzt bin ich zufrieden!}  8.Ng5 {ich 
auch:-))}  f5 9.Rd1 {bei deinem nächsten Zug würde 
ich lieber 3mal überlegen, ich ahne da nämlich 
was!}  Bd7 {In Ordnung! Jetzt bin ich gespannt! 
:-)}  10.Nc3 {na ja, h6?? hatte ich gemeint}  h6 
{Das wäre eine wunderschöne Gabel geworden ... 
Glück gehabt. Dafür gehe ich bald gegen 
Deppenhaufen b}  11.Nd5 {deppenhaufen hat keine 
ahnung vom schach, den schlägst du leicht, ich hab 
aufgegeben weil er nervte}  Rc8 12.Nh3 c6 13.Ne3 
g5 14.b3 Nf6 15.Bb2 {keiner in der ACL hat einen 
Schimmer vom Schach, die haben alle nur Fritz6 
oder Shredder auf 1500Mhz}  Rf8 {Ich hatte früher 
mal Fritz 5.32. Hat immer verloren, einmal sogar 
über ein Damenopfer...}  16.Nc4 {fritz5 trickse 
ich locker aus, nur mit fritz6 hab ich noch 
probleme weil ich es nicht kenne}  Ne6 {Wielange 
spielst Du denn schon Schach?}  17.Nd6+ {na ja hab 
schon als kind gespielt, so 15 Jahre dürften 
zusammen kommen}  Bxd6 {Ich bin jetzt ungefähr bei 
zweien ... Schöne Aussichten!}  18.Rxd6 {15J 
gelegenheitsschach, mit eröffnungstheorien 
beschäftige ich mich erst seit 10J}  Rf7 19.Bxf6 
{ein ross muss ich dir leider stehlen sonst wirst 
du mir am ende zu gefährlich:-))}  Rxf6 {Ist mir 
ganz lieb so, weil ich ungern gegen das Läuferpaar 
spiele.}  20.Rad1 Rd8 21.e3 {wärst du mit remis 
einverstanden?}  1/2-1/2

[Event "HCL-B250"]
[Site "www.playchess.de"]
[Date "2001.03.24"]
[Round "30"]
[White "lonewolf"]
[Black "real1"]
[WhiteElo "1428"]
[BlackElo "1227"]
[PlyCount "21"]
[Result "1-0"]

1.Nf3 {Hi,good luck}  d5 2.d4 Nc6 3.c4 Nf6 4.cxd5 
Nxd5 5.e4 Bg4 6.exd5 Qxd5 7.Nc3 Qe6+ 8.Be3 Nb4 
9.Qa4+ Qc6 10.Bb5 Nd3+ 11.Ke2 1-0

[Event "HCL-B226"]
[Site "www.playchess.de"]
[Date "2001.03.24"]
[Round "10"]
[White "ragadous"]
[Black "pj287"]
[WhiteElo "1559"]
[BlackElo "1200"]
[PlyCount "95"]
[Result "1/2-1/2"]

1.d4 {good luck}  Nf6 2.c4 g6 {same to you}  3.Nc3 
Bg7 4.e4 d6 5.f3 O-O 6.Be3 b6 7.Bd3 Bb7 8.Nh3 c5 
9.d5 Nbd7 10.Nf2 Ne5 11.Be2 a5 12.O-O Ba6 13.b3 
Ned7 14.Rc1 Qc7 15.Qd2 Rfc8 16.Nd3 Qd8 17.Bh6 Bxh6 
18.Qxh6 Qf8 19.Qxf8+ Rcxf8 20.f4 Kg7 21.e5 Ne8 
22.Rf2 Nc7 23.Bg4 f5 24.exf6+ Nxf6 25.Be2 b5 
26.Ne1 bxc4 27.bxc4 Rab8 28.g3 Rb2 29.a4 Rb6 
30.Nc2 Bc8 31.Na3 Bd7 32.Nab5 Na6 33.Re1 Bf5 
34.Bf1 Rb7 35.Rfe2 Rf7 36.Kg2 Nb4 37.Rd2 Nc2 
38.Ree2 {acl is quite good try it}  Nb4 39.h3 
{that message was not meant for you pj.sorry}  Bd3 
40.Ref2 Bxf1+ 41.Rxf1 Na6 42.Re2 Nb8 43.Rfe1 Kf8 
44.R2e6 Nbd7 45.g4 Ne8 46.Kg3 Nb6 47.Na3 Nd7 
48.Nab5 1/2-1/2

[Event "HCL-B258"]
[Site "www.playchess.de"]
[Date "2001.03.24"]
[Round "7"]
[White "Zeus"]
[Black "whatsleft2"]
[WhiteElo "1779"]
[BlackElo "1895"]
[PlyCount "53"]
[Result "1/2-1/2"]

1.e4 d5 {goodluck}  2.exd5 {You too!}  Nf6 3.d4 
Bg4 {where are you from}  4.f3 {Illinois.  Where 
are you from?}  Bf5 {south texas on gulf of 
mexico}  5.Bb5+ {Oil country!  American oil, that 
is.}  Nbd7 {you would not know it  with the price 
of gas here}  6.c4 {Oil markets are like tax 
codes...I do not understand them.  Does anyone?}  
e6 {i came to this site to practice 2 openings 
scandinavin defense and smith moria gambit}  
7.dxe6 {Romantic swashbuckler eh?}  Bxe6 {no just 
got in a rut and wanted to change style of play}  
8.d5 {Ever visited Ken Smith's 
site...chessdigest.com?}  Bf5 {i dont think so i 
will try it thanks}  9.Nc3 {He has some great, 
hard to find books, especially about Fischer.  
Good helps too.}  Be7 {are you uscf rated}  10.g4 
{Not for years.  Don't play OTB anymore.}  Bg6 
11.f4 {If you like Smith-Morra, read Tim Taylor's 
book.How to defeat the Smith-Morra/6...a6}  h6 {i 
had a lot of problems against the sicilian untill 
i started using the smith mora}  12.f5 Bh7 {the 
last 3 years i have been an elementary chess 
coach}  13.h3 {Great!  Any prodigies?}  O-O {last 
year tokk 2nd in texas scholastic championship 
this yr first}  14.Bf4 {Congratulations!  What is 
your rating USCF?}  a6 {long story}  15.Bxd7 
{OK...just curious.}  Nxd7 16.Nf3 {Last move 
tonight.  Good night Roy.}  Re8 17.O-O {Sorry, 
couldn't sleep unless my King was tucked in...lol} 
 Bf6 18.Re1 {See you after work...}  Rxe1+ 19.Qxe1 
Qf8 {you are beginning to make me rethink the 
scandanavian as my choice for black  lol}  20.Ne4 
{It is very sharp!  No room for error and hard to 
compensate for lost pawn.}  Re8 {i ve done real 
well with the smith mora  even against stronger 
players this opening i struggle}  21.Nxf6+ 
{Perhaps you should consider the Latvian gambit as 
Black!  e4 e5, Nf3 f5...}  Nxf6 {i have played it 
and seems only to wrk against weaker players}  
22.Qa5 {I see...}  b6 {my tactics are good but 
potitional play is poor}  23.Qxa6 {I know what you 
mean.  Not everyone is a Paul Morphy!}  Qc5+ 
{morphy gave up chess because he fell in love and 
the girl refused to marry a chess player}  24.Kh1 
{Yes, this is believed to be a real possibility.}  
g5 25.Bh2 Qf2 26.Ng1 h5 {good morning}  
27.c5 1/2-1/2

[Event "HCL-B090"]
[Site "www.playchess.de"]
[Date "2001.03.24"]
[Round "1"]
[White "Torenvalk"]
[Black "rikkirich"]
[WhiteElo "1500"]
[BlackElo "1533"]
[PlyCount "49"]
[Result "1-0"]

1.d4 d5 2.Nf3 Nf6 3.c4 dxc4 4.e3 b5 5.Nc3 a6 6.a4 
b4 7.Na2 a5 8.Bxc4 e6 9.b3 Ba6 10.Ne5 Nfd7 11.Nxf7 
Kxf7 12.Qf3+ Qf6 13.Qxa8 Bxc4 14.bxc4 b3 15.Nc3 g6 
16.Qxa5 Bd6 17.Nb5 Nc6 18.Nxd6+ cxd6 19.Qb5 Rc8 
20.Qxb3 Nc5 21.Qd1 Ne4 22.Qf3 Qxf3 23.gxf3 Ng5 
24.Ke2 Rb8 25.h4 1-0

[Event "HCL-B090"]
[Site "www.playchess.de"]
[Date "2001.03.24"]
[Round "8"]
[White "rikkirich"]
[Black "Inge_Heumann"]
[WhiteElo "1533"]
[BlackElo "1500"]
[PlyCount "40"]
[Result "0-1"]

1.e4 e6 2.d4 d5 3.e5 c5 4.c3 Nc6 5.Nf3 Qb6 6.Qc2 
Bd7 7.b3 cxd4 8.Bd3 dxc3 9.Nxc3 Nb4 10.Qe2 Rc8 
11.Bd2 Ne7 12.O-O Ng6 13.Bb5 Bxb5 14.Qxb5+ Qxb5 
15.Nxb5 a6 16.Nbd4 Nd3 17.Rfd1 Ndxe5 18.Nxe5 Nxe5 
19.Bf4 Bd6 20.Kf1 Kd7 0-1

[Event "HCL-A037"]
[Site "www.playchess.de"]
[Date "2001.03.24"]
[Round "2"]
[White "P1902"]
[Black "gallowglass"]
[WhiteElo "1700"]
[BlackElo "2071"]
[PlyCount "43"]
[Result "1/2-1/2"]

1.d4 Nf6 2.c4 g6 3.Nc3 Bg7 4.e4 d6 5.Bg5 Nbd7 
6.Be2 c6 7.Qd2 h6 8.Be3 Qc7 9.f4 e5 10.fxe5 dxe5 
11.dxe5 Nxe5 12.Bc5 Bf8 13.Bxf8 Kxf8 14.Nf3 Kg7 
15.O-O Bg4 16.Qe3 Bxf3 17.gxf3 g5 18.Rad1 Ng6 
19.c5 Rad8 20.Rxd8 Rxd8 21.Rd1 Nf4 
22.Rxd8 1/2-1/2

[Event "HCL-A037"]
[Site "www.playchess.de"]
[Date "2001.03.24"]
[Round "4"]
[White "gallowglass"]
[Black "archeo"]
[WhiteElo "2071"]
[BlackElo "2127"]
[PlyCount "64"]
[Result "0-1"]

1.e4 c5 2.Nf3 d6 3.d4 cxd4 4.Nxd4 Nf6 5.Nc3 a6 
6.Bc4 e6 7.Bb3 Nbd7 8.f4 Nc5 9.f5 b5 10.O-O Bd7 
11.Bg5 Be7 12.fxe6 fxe6 13.Qf3 Nxb3 14.axb3 O-O 
15.Qd3 Qb6 16.Kh1 b4 17.Nce2 h6 18.Be3 Qb7 19.Ng3 
e5 20.Qc4+ Kh7 21.Ndf5 Bb5 22.Qe6 Rae8 23.Rf3 Bd7 
24.Qc4 Nxe4 25.Nxg7 Rxf3 26.Nxe8 Nxg3+ 27.hxg3 
Bxe8 28.gxf3 Qxf3+ 29.Kh2 Bc6 30.Qf1 Qh5+ 31.Kg1 
Qh1+ 32.Kf2 Qf3+ 0-1

[Event "HCL-A037"]
[Site "www.playchess.de"]
[Date "2001.03.24"]
[Round "9"]
[White "Mandrake"]
[Black "P1902"]
[WhiteElo "1700"]
[BlackElo "1700"]
[PlyCount "44"]
[Result "0-1"]

1.Nf3 Nf6 2.g3 g6 3.Bg2 Bg7 4.O-O O-O 5.d4 d5 
6.Nbd2 c6 7.e4 dxe4 8.Ng5 Qxd4 9.c3 Qb6 10.Ndxe4 
Bf5 11.Qe2 Nxe4 12.Be3 Nxc3 13.bxc3 Qa5 14.Bd2 Qd8 
15.Rab1 Bd3 16.Qe3 Bxf1 17.Kxf1 Qc7 18.Ne4 Nd7 
19.h4 Ne5 20.f4 Nc4 21.Qf2 Nxd2+ 22.Nxd2 
Bxc3 0-1

[Event "HCL-A037"]
[Site "www.playchess.de"]
[Date "2001.03.24"]
[Round "10"]
[White "archeo"]
[Black "Mandrake"]
[WhiteElo "2127"]
[BlackElo "1700"]
[PlyCount "27"]
[Result "1-0"]

1.e4 Nc6 2.Nf3 e5 3.Bb5 a6 4.Ba4 Nf6 5.O-O b5 
6.Bb3 Bb7 7.Re1 Na5 8.Nxe5 Nxb3 9.axb3 Nxe4 10.d3 
Qf6 11.Nf3 O-O-O 12.dxe4 Bc5 13.Nc3 Bb4 
14.Bg5 1-0

[Event "HCL-C095"]
[Site "www.playchess.de"]
[Date "2001.03.24"]
[Round "3"]
[White "SpiderP"]
[Black "katrina"]
[WhiteElo "1000"]
[BlackElo "828"]
[PlyCount "58"]
[Result "0-1"]

1.e4 e5 2.Nf3 Nc6 3.Bb5 a5 4.O-O Na7 5.Bc4 b5 
6.Bd5 c6 7.Bb3 a4 8.Bxf7+ Kxf7 9.Nxe5+ Ke7 10.Qf3 
Qe8 11.d4 d6 12.Bg5+ Nf6 13.Qf4 dxe5 14.Qxe5+ Kf7 
15.Qc7+ Bd7 16.e5 Nd5 17.e6+ Qxe6 18.Qg3 Bd6 
19.Qf3+ Nf6 20.Nc3 Rhe8 21.Rae1 Qxe1 22.h3 Bh2+ 
23.Kxh2 Qxf1 24.h4 Kg8 25.h5 Ng4+ 26.Kg3 Qh1 
27.Qf4 Qh2+ 28.Kf3 Ref8 29.h6 Rxf4+ 0-1

[Event "HCL-C095"]
[Site "www.playchess.de"]
[Date "2001.03.24"]
[Round "5"]
[White "sun"]
[Black "SpiderP"]
[WhiteElo "1000"]
[BlackElo "1000"]
[PlyCount "26"]
[Result "0-1"]

1.e4 e5 2.g3 Nf6 3.Bg2 Nc6 4.d3 Bb4+ 5.Bd2 d6 6.a3 
Bc5 7.Bh3 O-O 8.Bg5 d5 9.Bxf6 Qxf6 10.f3 dxe4 
11.dxe4 Rd8 12.Nd2 Be3 13.Qe2 Nd4 0-1

[Event "HCL-C095"]
[Site "www.playchess.de"]
[Date "2001.03.24"]
[Round "9"]
[White "soymilk"]
[Black "katrina"]
[WhiteElo "1092"]
[BlackElo "828"]
[PlyCount "29"]
[Result "1-0"]

1.e4 e5 2.Nf3 Nc6 3.Bc4 Bc5 4.b4 Bb6 5.a4 a6 6.Bb2 
d6 7.b5 axb5 8.axb5 Rxa1 9.Bxa1 Na5 10.Ba2 Bd7 
11.d4 Bxb5 12.dxe5 dxe5 13.Qxd8+ Kxd8 14.Nxe5 f6 
15.Nf7+ 1-0

[Event "HCL-A052"]
[Site "www.playchess.de"]
[Date "2001.03.25"]
[Round "10"]
[White "tim_danieli"]
[Black "Mathemagician"]
[WhiteElo "1796"]
[BlackElo "1551"]
[PlyCount "80"]
[Result "0-1"]

1.d4 Nf6 2.Nf3 e6 3.c4 c5 4.e3 Nc6 5.Nc3 cxd4 
6.exd4 Bb4 7.Qc2 d5 8.Be3 O-O 9.Bd3 dxc4 10.Bxc4 
b6 11.O-O-O Na5 12.Bd3 Bb7 13.Kb1 Rc8 14.a3 Bxc3 
15.bxc3 Qc7 16.Rdc1 Nc4 17.Bxc4 Qxc4 18.Nd2 Be4 
19.Nxc4 Rxc4 20.Kb2 Bxc2 21.Rxc2 Rfc8 22.Rhc1 a5 
23.f3 Nd5 24.Bd2 b5 25.g4 Kf8 26.h4 Ke7 27.f4 Nf6 
28.g5 Ne4 29.Re1 Nxd2 30.Rxd2 R4xc3 31.f5 Kd6 
32.Re5 b4 33.axb4 axb4 34.fxe6 fxe6 35.Rb5 Rh3 
36.Rxb4 Rxh4 37.Rb7 g6 38.Rb6+ Rc6 39.Rxc6+ Kxc6 
40.Kc3 Kd5 0-1